• 首页
  • 本馆介绍
  • 公告通知
  • 最新文献
  • 馆藏检索
  • 电子资源
  • 读者导购
  • 参考咨询
  • 我的图书馆
  • 登录
  • 详细信息显示
  • 放入我的书架
  • 预约/预借图书
  • 作者相关作品
  • 分类相关作品
  • 丛书相关作品
  • 出版社相关作品

书目信息

  • 表格格式
  • 工作单格式
  • 卡片格式
题名:
中华棋艺文化
    
 
作者: 李燕 , 罗日明 主编
分册:  
出版信息: 北京   海豚出版社  2023
页数: 147页
开本: 24cm
丛书名: 新时代中华传统文化知识丛书
单 册:
中图分类: G891-49 , G891
科图分类:
主题词: 棋类运动--中国--通俗读物
电子资源:
ISBN: 978-7-5110-6376-2
000 00904nam0 2200265 450
001 2371022012
005 20231204194350.23
010    @a978-7-5110-6376-2@dCNY39.80
100    @a20230626d2023 em y0chiy50 ea
101 0  @achi
102    @aCN@b110000
105    @aa z 000yy
200 1  @a中华棋艺文化@Azhong hua qi yi wen hua@f李燕,罗日明主编
210    @a北京@c海豚出版社@d2023
215    @a147页@c图,照片@d24cm
225 1  @a新时代中华传统文化知识丛书
330    @a本书主要介绍了以围棋、象棋为代表的中华棋艺文化,包括棋类游戏的分类和起源、围棋和象棋的基本知识、著名棋手、精彩的下棋故事,以及古代和少数民族的一些棋类游戏。
410  0 @12001 @a新时代中华传统文化知识丛书
606 0  @a棋类运动@y中国@j通俗读物
690    @aG891-49@v5
690    @aG891@v4
701  0 @a李燕@Ali yan@4主编
701  0 @a罗日明@Aluo ri ming@4主编
801  0 @aCN@b91MARC@c20230627
905    @aZUCC@dG891@e6
    
    中华棋艺文化/李燕,罗日明主编.-北京:海豚出版社,2023
    147页:图,照片;24cm.-(新时代中华传统文化知识丛书)
    
    
    ISBN 978-7-5110-6376-2:CNY39.80
    本书主要介绍了以围棋、象棋为代表的中华棋艺文化,包括棋类游戏的分类和起源、围棋和象棋的基本知识、著名棋手、精彩的下棋故事,以及古代和少数民族的一些棋类游戏。
●
相关链接 在五车中查询图书 在当当中查询图书 在豆瓣中查询图书


正题名:中华棋艺文化     索取号:G891/6         预约/预借

序号 登录号 条形码 馆藏地/架位号 状态 备注
1 2001263581   2001263581   辽宁北方(第一批)/辽宁北方(第一批)/247/ [索取号:G891/6] 在馆    
2 2001263582   2001263582   辽宁北方(第一批)/辽宁北方(第一批)/247/ [索取号:G891/6] 在馆    
3 2001263583   2001263583   辽宁北方(第一批)/辽宁北方(第一批)/247/ [索取号:G891/6] 在馆    
4 2001263584   2001263584   辽宁北方(第一批)/辽宁北方(第一批)/247/ [索取号:G891/6] 在馆    
5 2001263585   2001263585   辽宁北方(第一批)/辽宁北方(第一批)/247/ [索取号:G891/6] 在馆    
6 2001263586   2001263586   辽宁北方(第一批)/辽宁北方(第一批)/247/ [索取号:G891/6] 在馆    
山东省滨州职业学院图书馆 欢迎您!
大连网信软件有限公司© 版权所有